Score 0/20 Timer 06:00
1 Play Today
Question Answer Wrong Answers
The Big Bang Theory Sheldon & Amy
97.9%
Jake & Amy
0.2%
Ben & Leslie
0.2%
Nick & Jess
0.2%
Game of Thrones Cersei & Jaime
94.9%
Claire & Jamie
2.4%
Killian & Emma
0.5%
Glenn & Maggie
0.5%
New Girl Nick & Jess
94.2%
Jake & Amy
1.8%
Ben & Leslie
1.8%
Sheldon & Amy
0.4%
Parks and Recreation Ben & Leslie
94.1%
Jake & Amy
1.6%
Sheldon & Amy
0.3%
Nick & Jess
2.2%
Brooklyn Nine-Nine Jake & Amy
94.1%
Ben & Leslie
1.4%
Sheldon & Amy
0.3%
Nick & Jess
2.5%
The Walking Dead Glenn & Maggie
91.7%
Claire & Jamie
0.9%
Killian & Emma
4.5%
Cersei & Jaime
1.1%
The Vampire Diaries Damon & Elena
88.7%
Jughead & Betty
3.9%
Joe & Love
2.7%
Caleb & Hannah
2.6%
The Chilling Adventures of Sabrina Sabrina & Harvey
87.4%
Jack & Rebecca
3%
Jane & Rafael
3.2%
Chidi & Eleanor
4.5%
The Good Place Chidi & Eleanor
86.9%
Sabrina & Harvey
3.4%
Jack & Rebecca
4.5%
Jane & Rafael
3.3%
Jane the Virgin Jane & Rafael
84.3%
Sabrina & Harvey
3.9%
Jack & Rebecca
7%
Chidi & Eleanor
3%
Outlander Claire & Jamie
81.1%
Killian & Emma
7.8%
Glenn & Maggie
6%
Cersei & Jaime
3.1%
This Is Us Jack & Rebecca
80.4%
Sabrina & Harvey
4.4%
Jane & Rafael
5.9%
Chidi & Eleanor
7.4%
Teen Wolf Lydia & Stiles
79.9%
Mandy & Kyle
1.3%
Sheila & Joel
1.5%
Iris & Barry
15.2%
Santa Clarita Diet Sheila & Joel
78.4%
Mandy & Kyle
10.3%
Lydia & Stiles
5.6%
Iris & Barry
3.6%
Riverdale Jughead & Betty
75.5%
Joe & Love
6.4%
Damon & Elena
9.8%
Caleb & Hannah
6.3%
The Flash Iris & Barry
74.7%
Mandy & Kyle
2.4%
Sheila & Joel
2.2%
Lydia & Stiles
18.7%
Once Upon a Time Killian & Emma
72.9%
Claire & Jamie
19.4%
Glenn & Maggie
2.4%
Cersei & Jaime
3.4%
Last Man Standing Mandy & Kyle
70.5%
Sheila & Joel
17.5%
Lydia & Stiles
5%
Iris & Barry
5%
You Joe & Love
70.2%
Jughead & Betty
10.5%
Damon & Elena
6.4%
Caleb & Hannah
10.7%
Pretty Little Liars Caleb & Hannah
61.5%
Jughead & Betty
7.3%
Joe & Love
17.4%
Damon & Elena
11.7%
Remove Ads.
Support Sporcle.
Get the best of Sporcle when you Go Orange. This ad-free experience offers more features, more stats, and more fun while also helping to support Sporcle. Thank you for becoming a member.

You're not logged in!

Compare scores with friends on all Sporcle quizzes.
OR
Log In

Sporcle TV

Today on Sporcle TV


Watch our educational content, quiz creation guides, and fun videos on Sporcle TV.

Show Comments

Extras

Top Quizzes Today


Score Distribution

Paid Content

Your Account Isn't Verified!

In order to create a playlist on Sporcle, you need to verify the email address you used during registration. Go to your Sporcle Settings to finish the process.

Report this User

Report this user for behavior that violates our Community Guidelines.

Details: